000 00526nam a2200133Ia 4500
005 20260209120154.0
008 260209s9999||||xx |||||||||||||| ||und||
100 _aPratheeksha Pawaskar
245 0 _aTrapped in reconciliation - mediation and its failure in protecting domestic violence survivors
260 _aBangaloreBangalore
_bNLSIU, Bangalore
_c2024 - 2025
300 _a38 p. ; 25 cm.
700 _aMs. Nikita Ahalyan - SupervisorMs. Nikita Ahalyan - Supervisor
856 _uhttps://dans.nls.ac.in/handle/123456789/2530
999 _c217819
_d217819